[Event "Jaen-ch"]
[Site "Jaen"]
[Date "2022.02.11"]
[Round "6"]
[White "Moreno Lerma, Manuel"]
[Black "Meco Benitez, Jose Luis"]
[Result "0-1"]
[WhiteElo "1791"]
[BlackElo "1962"]
[PlyCount "52"]
[EventDate "2022.02.04"]
[EventType "swiss"]
[EventRounds "7"]
[EventCountry "ESP"]
[SourceTitle "EXT 2023"]
[Source "ChessBase"]
[SourceDate "2022.10.05"]
[SourceVersion "1"]
[SourceVersionDate "2022.10.05"]
[SourceQuality "1"]

1. Nf3 d5 2. c4 e6 3. b3 Nf6 4. g3 Be7 5. Bg2 0-0 6. 0-0 b6 7. Bb2 Bb7 8. Nc3 Nbd7 9. e3 c5 10. Qe2 Rc8 11. Rfd1 a6 12. cxd5 exd5 13. d4 Re8 14. Rac1 Rc7 15. a4 Qa8 16. Rc2 Bf8 17. Rdc1 h6 18. Na2 Ne4 19. Nc3 Nef6 20. a5 b5 21. dxc5 Bxc5 22. Nd1 Rcc8 23. Bd4 Bb4 24. Bc3 Bxc3 25. Nxc3 d4 26. Nd1 Rxc2 0-1